| 000 | 00488nam a2200181Ia 4500 | ||
|---|---|---|---|
| 005 | 20250508154916.0 | ||
| 008 | 008 250505s9999 xx 000 0 eng d | ||
| 037 | _aTextual | ||
| 040 |
_aFEDL _beng _cFEDL |
||
| 041 |
_aeng _2eng |
||
| 084 |
_a400, HAY _qFEDL |
||
| 100 |
_aHayden Donald E Ed. _952506 |
||
| 245 | 0 | _aClassics in linguistics | |
| 260 |
_aLondon, UK _bPeter Owen Limited _c1968 |
||
| 300 | _a371p. | ||
| 942 |
_cTEXL _h400, HAY |
||
| 999 |
_c1352754 _d1352754 |
||